Geometry Dash Achievements Quiz - Statistics

General Stats
  • This quiz has been taken 14 times
  • The average score is 93 of 447
Answer Stats
Achievement Description Achievement Name % Correct
Completed 'Stereo Madness' in Normal mode Stereo Madness!
80%
Completed 'Back On Track' in Normal mode Back on Track!
70%
Completed 'Base After Base' in Normal mode Base After Base!
70%
Completed 'Cant Let Go' in Normal mode Cant Let Go!
70%
Completed 'Dry Out' in Normal mode Dry Out!
70%
Completed 'Polargiest' in Practice mode Polarbear
70%
Completed 'Stereo Madness in Practice mode Stereo Bump
70%
Completed 'xStep' in Practice mode yStep
70%
Completed 'Blast Processing' in Normal mode Blast Processing!
60%
Completed 'Clubstep' in Practice mode Clubbin
60%
Completed 'Clubstep' in Normal mode Clubstep!
60%
Completed 'Clutterfunk' in Normal mode Clutterfunk!
60%
Completed 'Cycles' in Normal mode Cycles!
60%
Completed 'Dry Out' in Practice mode Dehydrated
60%
Completed 'Electrodynamix' in Normal mode Electrodynamix!
60%
Completed 'Electroman Adventures' in Normal mode Electroman Adventures!
60%
Completed' Geometrical Dominator' in Normal Mde Geometrical Dominator!
60%
Completed 'Hexagon Force' in Normal mode Hexagon Force!
60%
Completed 'Jumper' in Normal mode Jumper!
60%
Completed 'Polargiest' in Practice mode Polargiest
60%
Completed 'Theory of Everything in Normal mode Theory of Everything!
60%
Completed 'Theory of Everything 2' in Normal mode Theory of Everything 2!
60%
Completed 'Theory of Everything' in Practice mode Theory of Something
60%
Completed 'Time Machine' in Normal mode Time Machine!
60%
Completed 'xStep' in Normal mode xStep!
60%
Completed 'Base After Base' in Practice mode All your base...
50%
Completed 'Dash' in Normal mode Dash!
50%
Completed 'Deadlocked' in Normal mode Deadlocked!
50%
Completed 'Electroman Adventures' in Practice mode Electro Time
50%
Completed 'Fingerdash' in Normal mode Fingerdash!
50%
Completed 'Clutterfunk' in Practice mode Funky
50%
Completed 'Geometrical Dominator' in Practice mode Geometry Warrior
50%
Completed 'Hexagon Force' in Practice mode Hexagonest
50%
Completed 'Cant Let Go; in Practice mode Hold on
50%
Completed 'Jumper' in Practice mode Hop hop...
50%
Completed 'Cycles' in Practice mode Loops
50%
Collected 100 Stars Oh, Shiny!
50%
Completed 'Back On Track' in Practice mode On my way
50%
Completed Tower level 3 The Cellar
50%
Collected 10 User Coins The journey begins...
50%
Completed Tower level 4 The Secret Hollow
50%
Completed Tower level 2 The Sewers
50%
Completed Tower level 1 The Tower
50%
Completed 'Time Machine' in Practice mode Tick Tock
50%
Collected all 3 Secret Coins on 'Clubstep' Ultimate Clubstep
50%
Collected all 3 Secret Coins on 'TOE2' Ultimate TOE2
50%
Completed 'Blast Processing' in Practice mode Blast Power
40%
Jumped 100000 times Can't stop jumping
40%
Collected 5 Secret Coins Coins?!
40%
Completed 'Dash' in Practice mode Eat. Sleep. Dash. Repeat
40%
Completed 'Electrodynamix' in Practice mode Electromaniac
40%
Completed 'Fingerdash' in Practice mode Fingerdash
40%
Completed 500 Demon difficulty levels in Normal mode GG! :)
40%
Completed 'Deadlocked' in Practice mode Living Open
40%
Collected Secret 10 Coins Maybe behind that block?
40%
Completed a Demon difficulty level in Normal mode Reflex Champion
40%
Completed 'Theory of Everything 2' in Practice mode Second Theory
40%
Completed 3 Demon difficulty levels in Normal mode The One
40%
Collected your first User Coin! What are those!?
40%
Jumped 20000 times You jump like a pro!
40%
Completed 15 Gauntlet 2.1 Complete
30%
Collected all 3 Secret Coins on Tower level 2 Ahar, matey!
30%
Jumped 1000 times Bounce
30%
Completed a user created level in Normal mode Challenger
30%
Created and submitted a custom level Creator
30%
Completed 30 Demon difficulty levels in Normal mode Demolicious!
30%
Destroyed 50 players Dominating!
30%
Collected 500 Stars Epic Collector
30%
Collected 600 Stars Epic Master Collector
30%
Collected Secret 60 Coins Found it under a rock!
30%
Completed 365 Daily Levels in Normal mode Happy New Year!
30%
Jumped 50000 times Hop Hop Hop
30%
Collected 60 User Coins I'll get that for you
30%
Claimed 10 list rewards I'm Listening
30%
Collected Secret 15 Coins I.. Need... MORE!
30%
Collected all 3 Secret Coins on Tower level 4 INTRUSION DETECTED
30%
Collected all 3 Secret Coins on Tower level 1 I See You
30%
Jumped 200000 times Jumper
30%
Completed a Map Pack Jump, forrest, jump
30%
Jumped 1000000 times Jump King
30%
Claimed a list reward Lists?!
30%
Completed 10 user created levels in Normal mode Master
30%
Collected 400 Stars Master Collector
30%
Collected 30 User Coins Mom, get the camera!!!
30%
Collected 200 Stars More Stars!
30%
Collected 100 Diamonds New shinies!?!
30%
Collected 2500 Moons Once in a blue moon
30%
Collected 10000 Moons One giant leap for mankind
30%
Collected 100 Moons One small step for player
30%
Did 10000 attempts Ouch...
30%
Destroyed a player Rampage!
30%
Completed 4000 user created levels in Normal mode Secret way!
30%
Crashed over 95% So close
30%
Collected 25000 Stars SUPERSTAR
30%
You are playing 'Geometry Dash', thanks! Supporter
30%
Completed 50 user created levels in Normal mode The Gamer
30%
Did 100 attempts Trial and error
30%
Collected all 3 Secret Coins on Tower level 3 Well Met!
30%
Collected Secret 25 Coins We needs it!
30%
Collected 80 User Coins We're gonna need a bigger boat
30%
Collected Secret 20 Coins We wants it!
30%
Completed a Daily Level in Normal mode What a day...
30%
Did 2000 attempts You Shall Not Pass!
30%
Claimed 200 list rewards 200 Lists, 1 Legend
20%
Completed 40 Map Packs 40, not bad...
20%
Completed 90 Demon difficulty levels in Normal mode 9 Circles of hell
20%
Collected 18000 Stars Aim for the stars
20%
Collected 900 Stars All MINE!
20%
Collected 7000 Stars All stars are my stars
20%
Completed a Gauntlet A new beginning
20%
Collected 12000 Stars But wait, There's Even More!
20%
Collected 800 User Coins Can I have some?
20%
Collected 1500 Diamonds Can't stop my shine
20%
Collected 900 User Coins Congratulations, you have them all!
20%
Did 500 attempts Crash Tester
20%
Collected 500 Moons Dark side of the moon?
20%
Completed 200 Demon difficulty levels in Normal mode Deal with the devil
20%
Collected 5000 Moons Death Moon
20%
Completed 2 Demon difficulty levels in Normal mode Demon Chaser
20%
Completed 5 Demon difficulty levels in Normal mode Demonic Guardian
20%
Completed 10 Demon difficulty levels in Normal mode Demonic Overmind
20%
Completed 4 Demon difficulty levels in Normal mode Demon Master
20%
Collected 25000 Diamonds Diamond Is Unbreakable
20%
Collected 500 User Coins Enough is enough
20%
Collected Secret 75 Coins Finders Keepers!
20%
Collected 900 Moons Fly me to the moon
20%
Collected 4000 Stars GAAAAAAAAAH!
20%
Completed 100 user created levels in Normal mode Geometrician
20%
Followed RobTop Games on Twitter Geometry Bird!
20%
Followed 10 creators! Geometry Dasher
20%
Followed a creator! Geometry Dash is Love
20%
Subscrimed to RobTop Games on YouTube GeometryTube
20%
Collected Secret 140 Coins Getting rich
20%
Completed 40 Demon difficulty levels in Normal mode Give me a CHALLENGE!
20%
Destroyed 200 players Godlike!
20%
Collected 90 User Coins Got coins?
20%
Completed 180 Demon difficulty levels in Normal mode Gotta beat them all
20%
Completed 50 Demon difficulty levels in Normal mode Grim Reaper
20%
Completed 150 Daily Levels in Normal mode Hello daily chat
20%
Liked an online level Helper
20%
Collected 20 User Coins I can't stop!
20%
Collected 40 User Coins I feel rich!
20%
Jumped 10000 times I like jumping
20%
Collected 7000 Moons I like moons
20%
Collected 8000 Moons I love moons!
20%
Collected 14000 Diamonds I'ma buy a diamond ring for you
20%
You added 10 friends! I'm popular!
20%
Completed 400 Demon difficulty levels in Normal mode Insatiable bloodlust
20%
Collected Secret 130 Coins Insatiable Greed
20%
Collected 17000 Diamonds Iron pickaxe not required
20%
Collected 5500 Stars I should sell these
20%
Completed 100 Demon difficulty levels in Normal mode Is it over yet?
20%
Collected 300 Moons Is this the moon?
20%
Collected 3500 Stars IT BURNS!!
20%
Collected 9000 Stars I Think I Got All the Stars
20%
Collected 130 User Coins I think there's one left
20%
Collected 4500 Moons I've heard of a moon before
20%
Collected 120 User Coins Just kidding...
20%
Collected 8000 Stars Just Kidding, There Are More
20%
Completed 1500 user created levels in Normal mode Keep going...
20%
Destroyed 750 players KILLAMANJARO
20%
Collected 2000 Stars Knock knock. Who's there? STARS!
20%
Jumped 750000 times Leaps and Bounds
20%
Collected Secret 120 Coins Leave some for the rest of us!
20%
Collected 200 User Coins Level up! Ultra Greedy...
20%
Followed 25 creators! Life is dash
20%
Completed 70 Demon difficulty levels in Normal mode Like the devil
20%
Completed 5000 user created levels in Normal mode Look yonder, kid
20%
Completed 10 Map Packs Map Packer
20%
Found a hidden coin Master Detective
20%
Completed 15 Demon difficulty levels in Normal mode Master of Timing
20%
Collected 110 User Coins MAX COINS!
20%
Collected 1500 Moons Maybe I like stars more
20%
Collected 6500 Moons Moons are kinda neat
20%
Collected 700 Moons Moons are like this?
20%
Collected 7500 Moons Moons > Stars
20%
Collected 300 User Coins More coins, give reward
20%
Collected 1000 Stars MORE SHINY!!!
20%
Collected 4500 Stars More Star Achievements?
20%
Collected 350 User Coins Much coin, very wow
20%
Collected Secret 30 Coins Must have the precious
20%
Collected Secret 50 Coins My precious...
20%
Collected Secret 150 Coins Never enough with you...
20%
Did 30000 attempts Never Give Up
20%
You added a friend! No longer lonely
20%
Collected 10000 Stars Nope, Found More Over There
20%
Collected 600 Moons Nope, just the moon
20%
Collected 6500 Stars No Stars for You!
20%
Collected Secret 70 Coins Nothing is secret!
20%
Collected Secret 65 Coins Not so secret
20%
Collected 2000 Moons Okay, when do you not get stars?
20%
Collected 2000 Diamonds One for you, ten for me
20%
Collected 3000 Moons Or on a full moon
20%
Collected 70 User Coins Piece of cake
20%
Collected 14000 Stars PLEASE NO MORE!!!!!
20%
Collected 160 User Coins Power level increasing
20%
Completed 160 Demon difficulty levels in Normal mode RIP AND TEAR
20%
Collected Secret 85 Coins Robin Hood
20%
Collected Secret 115 Coins Seriously, enough!
20%
Collected 100 User Coins So... greed much?
20%
Collected 150 User Coins So many shinies...
20%
Collected 225 User Coins Something funny about coins
20%
Collected 180 User Coins Something that rhymes with coin
20%
Collected 4000 Moons So moons are the new thing
20%
Completed 80 Demon difficulty levels in Normal mode Speed Demon
20%
Collected 700 Stars Star Factory
20%
Collected 300 Stars Star Maniac
20%
Collected 800 Stars Starshine
20%
Completed level 1=3 in Normal mode (Steam Exclusive) Steamrolling!
20%
Completed 'Clubstep' in Normal mode (Steam Exclusive Bonus) SteamStep!
20%
Collected 600 User Coins Stop collecting coins
20%
Completed 140 Demon difficulty levels in Normal mode Straight fly master
20%
Completed 120 Demon difficulty levels in Normal mode Supersonic speed
20%
Completed 350 Demon difficulty levels in Normal mode Tarsorado Demon
20%
Collected Secret 95 Coins Tax Collector
20%
Did 20000 attempts That hurts!
20%
Completed 250 Demon difficulty levels in Normal mode The Chosen One
20%
Collected Secret 90 Coins The Finder
20%
Collected Secret 80 Coins The Golden Rule
20%
Completed 5 Gauntlet The Infinity Gauntlet
20%
Collected Secret 100 Coins The King's Vault
20%
Collected 16000 Stars There's Always More, My Friend
20%
Collected Secret 55 Coins There's more!?
20%
Collected Secret 105 Coins These are pretty heavy
20%
Collected 2500 Stars These are pretty warm...
20%
Collected 22500 Stars The Stars Align
20%
Collected 3500 Moons The werewolves are out
20%
Collected 3000 Stars They are REALLY warm!
20%
Collected Secret 35 Coins They stole it from us!
20%
Collected 800 Moons They told me it was made of cheese
20%
Collected Secret 45 Coins Thief, thief, thief!
20%
Did 135000 attempts This could become a meme
20%
Completed 225 Demon difficulty levels in Normal mode This is a nightmare
20%
Collected 7500 Stars This is the last star achievement
20%
Collected 400 Moons This is the moon alright
20%
Completed 1000 user created levels in Normal mode Tonight, we dine in GEOMETRY DASH!
20%
Added 50 friends Touched grass
20%
Collected Secret 160 Coins Ultimate Coin
20%
Destroyed 100 players Ultrakill!
20%
Collected 170 User Coins Ultra mega coin catcher
20%
Completed 20 Demon difficulty levels in Normal mode Unstoppable!
20%
Collected 1500 Stars Was that all of them?
20%
Collected 9000 Moons We are going to steal the moon
20%
Completed 300 Demon difficulty levels in Normal mode What a bloodbath
20%
Collected 50 User Coins What to buy...
20%
Collected 140 User Coins Where did you get those?
20%
Collected Secret 110 Coins Where do I even put this?
20%
Collected Secret 40 Coins Where is it?! Where is it?!
20%
Collected 425 User Coins Who has this many coins?
20%
Collected 250 User Coins Who makes these?
20%
Collected 6000 Stars Why so many?
20%
Destroyed 500 players Wickedsick!
20%
Collected 190 User Coins Will you ever be satisfied?
20%
Collected 20000 Stars Wish Come True!
20%
Collected 6000 Moons Yeah, Platformer is my thing
20%
Completed 60 Demon difficulty levels in Normal mode You fear nothing
20%
Collected 1000 User Coins You have them all again! :o
20%
Completed 25 Map Pack You pack, I complete
20%
Collected 1000 Moons You're too used to stars
20%
Collected 5000 Stars You want me to collect 5000!?
20%
Collected 700 User Coins Y u take all coin?
20%
Completed 100 Daily Levels in Normal mode A level a day keeps the doctor away
10%
Collected 1800 User Coins Almighty dollar
10%
Found the secret A true memer
10%
Collected 15 Blood Shards Blood Apprentice
10%
Collected 65 Blood Shards Blood Champion
10%
Collected 35 Blood Shards Blood Guardian
10%
Collected 100 Blood Shards Blood Master
10%
Collected 5 Blood Shards Blood Recruit
10%
Collected 35 of each Tier 2 Bonus Adept
10%
Collected 15 Bonus Shards Bonus Apprentice
10%
Collected 35 Bonus Shards Bonus Guardian
10%
Collected 5 of each Tier 2 Shard Bonus Initiate
10%
Collected 100 Bonus Shards Bonus Master
10%
Collected 15 of each Tier 2 Bonus Novice
10%
Collected 100 of each Tier 2 Bonus Paragon
10%
Collected 5 Bonus Shards Bonus Recruit
10%
Collected 65 of each Tier 2 Bonus Sage
10%
Completed 500 user created levels in Normal mode Bring me their heads!
10%
Found the secret Burnt Chicken
10%
Found the secret Cant be fooled
10%
Reach Path of Lava Rank (1 - 10) Cinder Seeker, Crust Breaker, Lava Walker, Sulfur Sage, Brimstone Bridger, Molten Marauder, Volcanic Vanguard, Ash Ascendant, Magma Monarch, Volcano Master
10%
Liked or Disliked 100 online levels Cleric
10%
Found the secret Cold as Ice
10%
Found the secret Cooked
10%
Reach Path of Blood Rank (1 - 10) Crimson Initiate, Blood Novice, Scarlet Seeker, Rouge Ranger, Bloodline Baron, Vein Vanquisher, Vamparic Vanguard, Crimson king, Eternal Emperor, Path of Blood Master
10%
Liked or Disliked 4000 online levels Critic
10%
Completed 25 Daily Levels in Normal mode Dashing on a daily basis
10%
Found the secret Decrypter
10%
Collected 4000 Diamonds Diamond Castle
10%
Collected 9000 Diamonds Diamond Legend
10%
Collected 5000 Diamonds Diamond Master
10%
Collected 7000 Diamonds Diamond MVP
10%
Collected 1000 Diamonds Diamonds
10%
Found the secret Doomed us all!
10%
Completed 250 Daily Levels in Normal mode Do you sleep?
10%
Collected 15 Earth Shards Earth Apprentice
10%
Collected 65 Earth Shards Earth Champion
10%
Collected 35 Earth Shards Earth Guardian
10%
Collected 100 Earth Shards Earth Master
10%
Collected 5 Earth Shards Earth Recruit
10%
Reach Path of Souls Rank (1 - 10) Ethereal Initiate, Spectral Student, Soul Seeker, Spirit Scholar, Abyssal Arbitrator, Nether Knight, Phantom Protector, Spiritual Sentinel, Soul Commander, Path of Souls Master
10%
Completed 5 Map Packs Failure is not an option
10%
Collected 15 Fire Shards Fire Apprentice
10%
Collected 65 Fire Shards Fire Champion
10%
Collected 35 Fire Shards Fire Guardian
10%
Collected 100 Fire Shards Fire Master
10%
Reach Path of Fire Rank (1 - 10) Flame Initiate, Blaze Adept, Firestarter, Torch Bearer, Flame Wielder, Fire Conductor, Inferno Crafter, Flame Enchanter, Firestorm Summoner, Flame Master
10%
Reach Path of Ice Rank (1 - 10) Frost Novice, Ice Apprentice, Snow Tracker, Winter Wanderer, Frost Forger, Blizzard Navigator,Hailstorm Harbinger, Frostbite Guardian, Arctic Conqueror, Icebound Master
10%
Found the secret Gatekeepers Cipher
10%
Found the secret Gatekeepers Code
10%
Found the secret Gatekeepers Curse
10%
Found the secret Gatekeepers Enigma
10%
Found the secret Gatekeepers Query
10%
Found the secret Gatekeepers Riddle
10%
Found the secret Gatekeepers Vision
10%
Followed 50 creators! Geometry is me
10%
Got a star rated level Geometry Star
10%
Rated the stars of an online level Guide
10%
Rated the stars of 1000 online levels Guiding Light
10%
Completed 35 Map Packs Hah, you call that a pack?
10%
Collected 2000 User Coins Have fun, kid!
10%
Completed 45 Map Packs Ha! What now?
10%
Collected 3000 Diamonds House of Diamonds
10%
Collected 2500 Diamonds How many can I carry?
10%
Collected 65 Ice Shards Ice Champion
10%
Collected 35 Ice Shards Ice Guardian
10%
Collected 100 Ice Shards Ice Master
10%
Collected 5 Ice Shards Ice Recruit
10%
Did 80000 attempts If at first you don't succeed
10%
Reach Path of Metal Rank (1 - 10) Iron Initiate, Copper Cadet, Silver Seeker, Cast Crusader, Bronze Baron, Metalwork Maestro, Steel Scion, Titanium Titan, Mithril Monarch, Path of Metal Master
10%
Completed 30 Map Packs I R Unstoppable!
10%
Jumped 400000 times Jumpman
10%
Collected 1600 User Coins Just a coin toss away
10%
Rated the stars of 2000 online levels Justice!
10%
Collected 1200 User Coins Just kidding again!
10%
Collected 15 Lava Shards Lava Apprentice
10%
Collected 65 Lava Shards Lava Champion
10%
Collected 35 Lava Shards Lava Guardian
10%
Collected 100 Lava Shards Lava Master
10%
Collected 5 Lava Shards Lava Recruit
10%
Collected 15 Light Shards Light Apprentice
10%
Collected 65 Light Shards Light Champion
10%
Collected 35 Light Shards Light Guardian
10%
Collected 100 Light Shards Light Master
10%
Collected 5 Light Shards Light Recruit
10%
Claimed 25 list rewards List-avaganza!
10%
Claimed 50 list rewards Listen to me!
10%
Claimed 100 list rewards Lists! Lists everywhere!
10%
Claimed 150 list rewards List Whisperer
10%
Reach Path of Light Rank (1 - 10) Luminary Learner, Shine Seeker, Daylight Dreamer, Shimmering Sage, Heavenly Herald, Celestial Champion, Aurora Archon, Luminous Lord, Divine Dawnbringer, Path of Light Master
10%
Did 250000 attempts Made an attempt
10%
Collected 15 Metal Shards Metal Apprentice
10%
Collected 65 Metal Shards Metal Champion
10%
Collected 35 Metal Shards Metal Guardian
10%
Collected 100 Metal Shards Metal Master
10%
Collected 5 Metal Shards Metal Recruit
10%
Did 60000 attempts Mom said it's my turn
10%
Completed 50 Daily Levels in Normal mode My daily bread
10%
Reach Path of Earth Rank (1 - 10) Nature's Novice, Sprout Whisperer, Sapling Sage, Terra Tamer, Herbal Harbinger, Woodland Warden, Grove Guardian, Terrain Tempest, Earthbound Elder, Elemental Master
10%
Did 40000 attempts Never Surrender
10%
Collected 2300 User Coins Nickel and dime
10%
Completed 300 user created levels in Normal mode No match for me!
10%
Found the secret Nostalgia
10%
Found the secret Nothing is hidden
10%
Liked Geometry Dash on Facebook Number one fan!
10%
Found the secret Oh No...
10%
Jumped 500000 times One hop this time!
10%
Rated the stars of 500 online levels Organizer
10%
Completed 20 Map Packs Package Complete
10%
Completed 15 Map Packs Pack it up
10%
Found the secret Paintbucket
10%
Unlocked the Path of Blood Path of Blood
10%
Unlocked the Path of Earth Path of Earth
10%
Unlocked the Path of Fire Path of Fire
10%
Unlocked the Path of Ice Path of Ice
10%
Unlocked the Path of Lava Path of Lava
10%
Unlocked the Path of Light Path of Light
10%
Unlocked the Path of Metal Path of Metal
10%
Unlocked the Path of Poison Path of Poison
10%
Unlocked the Path of Shadow Path of Shadow
10%
Unlocked the Path of Souls Path of Souls
10%
Collected 15 Poison Shards Poison Apprentice
10%
Collected 65 Poison Shards Poison Champion
10%
Collected 35 Poison Shards Poison Guardian
10%
Collected 100 Poison Shards Poison Master
10%
Collected 5 Poison Shards Poison Recruit
10%
Found the secret Revealing...
10%
Collected 15 Shadow Shards Shadow Apprentice
10%
Collected 65 Shadow Shards Shadow Champion
10%
Collected 35 Shadow Shards Shadow Guardian
10%
Reach Path of Shadow Rank (1 - 10) Shadow Initiate, Obscure Apprentice, Twilight Treader, Mystic Shade, Nocturnal Nomad, Veil Wander, Ethernal Emissary, Nightfall Navigator, Shadow Soveriegn, Darkness Master
10%
Collected 100 Shadow Shards Shadow Master
10%
Collected 20000 Diamonds Shine bright like a diamond
10%
Found the secret Sneaky Sneak
10%
Collected 15 Soul Shards Soul Apprentice
10%
Collected 65 Soul Shards Soul Champion
10%
Collected 35 Soul Shards Soul Guardian
10%
Collected 100 Soul Shards Soul Master
10%
Collected 5 Soul Shards Soul Recruit
10%
Collected 250 Diamonds Sparkle sparkle
10%
Completed 200 user created levels in Normal mode Spike dodger
10%
Liked or Disliked 1000 online levels Spymaster
10%
Did 100000 attempts Stop Trying
10%
Collected 3000 User Coins Swag
10%
Collected 11000 Diamonds The Diamond GOAT
10%
Liked or Disliked 2000 online levels The Happy One
10%
Collected 1400 User Coins The other side of the coin
10%
Found the secret The Unseen
10%
Collected 500 Diamonds This is addictive
10%
Did 300000 attempts This is the one
10%
Completed 10 Gauntlet Throw down the gauntlet
10%
Found the secret Uber Hacker
10%
Completed 3000 user created levels in Normal mode Ultimate Dasher
10%
Found the secret Ultimate Energy
10%
Reach Path of Poison Rank (1 - 10) Venom Apprentice, Toxin Courier, Pestilence Seeker, Noxious Nomad, Poison Pioneer, Plague Prodigy, Venom Vanguard, Toxic Tyrant, Plague Overlord, Venomous Master
10%
Found the secret Very clever...
10%
Rated the stars of 100 online levels Visionary
10%
Liked or Disliked 500 online levels Watcher
10%
Completed 2500 user created levels in Normal mode You beat them all
10%
Jumped 300000 times You need to rest...
10%
Liked or Disliked 3000 online levels Your vote matters!
10%
Collected 65 Bonus Shards Bonus Champian
0%
Found the secret Catch them all!
0%
Collected 6000 Diamonds Diamond Grandmastrer
0%
Collected 5 Fire Shards Fire Recuit
0%
You added 25 friends! Friends? Wwhat friends?
0%
Get 100 Likes on a created level Geometry Creator
0%
Get 1000 Likes on a created level Geometry Genius
0%
Get 500 Likes on a created level Geometry Influencer
0%
Get 250 Likes on a created level Geometry Knower
0%
Got 50 Likes on a created level Geometry Mechanic
0%
Collected 2600 User Coins Heads or tales
0%
Collected 200 Moons Houseton, we have a problem
0%
Found the secret I can count!
0%
Collected 5500 Moons It's Gotta Be a Platformer
0%
Found the secret Nice shot!
0%
Collected 15 Ice Shards Rice Apprentice
0%
Looked at more RobTop Games RopTop Gamer
0%
Collected 5 Shadow Shards Shadow Recuit
0%
Did 185000 attempts Take a breat!
0%
Stole the Vault Keepers coin Theif!
0%
Stole the Vault Keepers icon Theif! Theif!
0%
Found the secret The Unkock
0%
Found the secret Third eye open...
0%
Completed 2000 user created levels in Normal mode Title
0%
Collected all 3 Secret Coins on 'Deadlocked' Ultimate Deacklocked
0%
No matching quizzes found
Score Distribution
Percent of People with Each Score
Percentile by Number Answered
Your Score History
You have not taken this quiz